[Event "2e Open Cergy-Pontoise"]
[Site "Cergy"]
[Date "2004.05.16"]
[Round "7"]
[White "Belkhodja, Slim"]
[Black "Fressinet, Laurent"]
[Result "1-0"]
[WhiteElo "2449"]
[BlackElo "2638"]
[PlyCount "79"]
[EventDate "2004.05.16"]
[Source "Roberto Alvarez"]
[SourceDate "2004.05.24"]

1. e4 e5 2. Bc4 Nf6 3. d3 Nc6 4. Nf3 Be7 5. c3 O-O 6. O-O d6 7. Bb3 d5 8. exd5 Nxd5 9. h3 Bf5 10. Re1 Bf6 11. Na3 Nb6 12. Bc2 Qd7 13. Bg5 Bxg5 14. Nxg5 Rad8 15. Qf3 Bg6 16. Rad1 Kh8 17. b4 Qe7 18. Ne4 a5 19. Nc5 e4 20. dxe4 Rxd1 21. Rxd1 axb4 22. cxb4 Nxb4 23. Qc3 Nxc2 24. Nxc2 h6 25. f3 f5 26. e5 f4 27. Nb4 Rf5 28. Re1 Rg5 29. Qd4 Bf5 30. Nbd3 Bxh3 31. Nxf4 Bc8 32. a4 Bf5 33. a5 Nc8 34. Nxb7 Qa3 35. e6 Kh7 36. Re3 Qc1+ 37. Kh2 Ne7 38. a6 Qf1 39. Re2 Nc6 40. Qg1 1-0

[Event "Chigorin Memorial"]
[Site "St. Petersburg"]
[Date "2004.10.22"]
[Round "7.13"]
[White "Maslak, Konstantin"]
[Black "Inarkiev, Ernesto"]
[Result "1-0"]
[WhiteElo "2473"]
[BlackElo "2604"]
[PlyCount "127"]
[EventDate "2004.10.15"]
[Source "Roberto Alvarez"]
[SourceDate "2004.11.08"]

1. e4 e5 2. Bc4 Nf6 3. d3 Nc6 4. Nf3 h6 5. O-O d6 6. c3 g6 7. Bb3 Bg7 8. Re1 O-O 9. Nbd2 b6 10. Nc4 Bb7 11. a4 a6 12. h3 Kh7 13. Ne3 Nb8 14. Ng4 Ng8 15. Ne3 Nd7 16. Bd5 Bxd5 17. Nxd5 c6 18. Ne3 f5 19. b4 Ne7 20. Qb3 Nf6 21. Nc4 Qc7 22. a5 b5 23. Nb6 Rad8 24. c4 bxc4 25. Qxc4 Qb7 26. Qc2 Nc8 27. Nc4 Na7 28. Rb1 fxe4 29. dxe4 Nh5 30. Na3 Nb5 31. Nxb5 cxb5 32. Be3 Qd7 33. Nd2 Nf4 34. Bxf4 exf4 35. Qd3 d5 36. Rbd1 Qe7 37. exd5 Qxb4 38. Re6 Rf5 39. d6 Qxa5 40. Ne4 Qa2 41. Re7 Rf7 42. Rxf7 Qxf7 43. d7 Qf5 44. f3 Bf8 45. Qc3 b4 46. Qc4 Kg7 47. Rd5 Qe6 48. Kh2 Be7 49. Qd4+ Kf7 50. Nd6+ Bxd6 51. Rxd6 Qf5 52. Rd5 Qf6 53. Qxb4 g5 54. Qe4 Kg7 55. Qd3 Qe6 56. Rd6 Qf7 57. Qd4+ Kh7 58. Rf6 Qxd7 59. Qe4+ Kg8 60. Rg6+ Kf8 61. Rxh6 Kg8 62. Rg6+ Kf8 63. Rxg5 Qd6 64. Qf5+ 1-0

[Event "Biel op MTO"]
[Site "Biel"]
[Date "1996.??.??"]
[Round "8"]
[White "Pikula, Dejan"]
[Black "Smagin, Sergey"]
[Result "1-0"]
[WhiteElo "2495"]
[BlackElo "2580"]
[PlyCount "73"]
[EventDate "1996.07.??"]
[Source "www.chesslib.no"]
[SourceDate "2004.05.04"]

1. e4 e5 2. Bc4 Nf6 3. d3 Nc6 4. Nf3 Be7 5. O-O O-O 6. Bb3 d6 7. c3 Nd7 8. d4 Bf6 9. Be3 Na5 10. Bc2 Nc4 11. Bc1 Re8 12. a4 Nf8 13. b3 Nb6 14. a5 Nbd7 15. Nbd2 Ng6 16. b4 a6 17. Nc4 exd4 18. cxd4 Nb8 19. Ne3 Nc6 20. Rb1 Na7 21. h3 Nb5 22. Bb2 Bd7 23. Re1 Be7 24. Qd2 Bg5 25. Rbd1 Bc6 26. d5 Bd7 27. Bd3 Nf4 28. Bb1 Bf6 29. Rc1 Be5 30. h4 Qf6 31. Nxe5 dxe5 32. g3 Ng6 33. h5 Ne7 34. Nc4 Nc8 35. f4 Nd4 36. Nxe5 Rxe5 37. Bxd4 1-0

[Event "Biel MTO Open"]
[Site "?"]
[Date "2002.08.01"]
[Round "10"]
[White "Bauer Christian"]
[Black "Pavlovic Milos"]
[Result "1/2-1/2"]
[WhiteElo "2550"]
[BlackElo "2524"]
[PlyCount "33"]
[EventDate "2002.??.??"]
[Source "www.chesslib.no"]
[SourceDate "2004.05.04"]

1. e4 e5 2. Bc4 Nf6 3. d3 Nc6 4. Nf3 Be7 5. O-O O-O 6. Re1 d6 7. a4 h6 8. a5 a6 9. c3 Nh7 10. Nbd2 Ng5 11. Nf1 Bg4 12. Bxg5 Bxg5 13. h3 Bd7 14. d4 Rb8 15. Ne3 Bxe3 16. Rxe3 Qe7 17. Qd2 1/2-1/2

[Event "Belorechensk RUS"]
[Site "?"]
[Date "2005.06.??"]
[Round "?"]
[White "Savchenko Boris"]
[Black "Malaniuk Vladimir P"]
[Result "0-1"]
[WhiteElo "2543"]
[BlackElo "2526"]
[PlyCount "92"]
[EventDate "2005.??.??"]
[Source "www.chesslib.no"]
[SourceDate "2004.05.04"]

1. e4 e5 2. Nf3 Nc6 3. d4 exd4 4. Bc4 Nf6 5. e5 d5 6. Bb5 Nd7 7. O-O Be7 8. Bxc6 bxc6 9. Nxd4 Nb8 10. Qf3 c5 11. Nf5 Bxf5 12. Qxf5 Qd7 13. Qf3 Nc6 14. c4 Nxe5 15. Qxd5 Qxd5 16. cxd5 O-O-O 17. Nc3 Nd3 18. Rd1 c4 19. b3 Bf6 20. Bd2 Bd4 21. Rf1 cxb3 22. axb3 Rhe8 23. g3 Nc5 24. Ra3 Ne4 25. Nxe4 Rxe4 26. Be3 Bb6 27. Rd1 Bxe3 28. fxe3 Rxe3 29. Rxa7 Rxb3 30. d6 Rxd6 31. Rxd6 cxd6 32. Rxf7 Rb7 33. Rf8+ Kd7 34. h4 Ke6 35. Rh8 h6 36. Kf2 Ke5 37. Re8+ Kd4 38. g4 d5 39. g5 hxg5 40. hxg5 Rf7+ 41. Kg3 Kd3 42. Kg4 d4 43. g6 Rd7 44. Rf8 Ke4 45. Rf7 Rd6 46. Rxg7 d3 0-1

[Event "Asker 75th"]
[Site "Asker"]
[Date "1997.11.23"]
[Round "2"]
[White "Djurhuus, Rune"]
[Black "Gausel, Einar"]
[Result "1/2-1/2"]
[WhiteElo "2525"]
[BlackElo "2540"]
[PlyCount "83"]
[EventDate "1997.11.22"]
[Source "ChessBase"]
[SourceDate "1998.01.31"]

1. e4 e5 2. Nf3 Nc6 3. Bc4 Nf6 4. O-O Nxe4 5. Qe2 d5 6. Bb5 Bg4 7. d3 Bxf3 8. gxf3 Nf6 9. Qxe5+ Be7 10. Bxc6+ bxc6 11. Re1 Qd6 12. Bf4 O-O 13. Nd2 Nh5 14. Bg3 Nxg3 15. Qxd6 cxd6 16. hxg3 Bf6 17. c3 Rfb8 18. Rab1 Rb7 19. Nb3 Rab8 20. Re2 Rb6 21. d4 g6 22. Kg2 Ra6 23. Nc1 c5 24. Nd3 Rxa2 25. dxc5 dxc5 26. Nxc5 Rc8 27. Nd3 d4 28. Nb4 Ra5 29. cxd4 Bxd4 30. Rd1 Bb6 31. Nd5 Kg7 32. Nxb6 axb6 33. Rd7 Rb5 34. Rb7 Rf8 35. f4 h5 36. Rc2 Rb3 37. Kh3 Rb5 38. Kh4 Rb4 39. Kh3 Rb3 40. Kg2 Rb5 41. Kf3 Rb3+ 42. Kg2 1/2-1/2

[Event "Zhukov mem"]
[Site "Tula"]
[Date "2000.??.??"]
[Round "?"]
[White "Zhelnin, Vladimir V"]
[Black "Malaniuk, Vladimir P"]
[Result "1/2-1/2"]
[WhiteElo "2489"]
[BlackElo "2572"]
[PlyCount "43"]
[EventDate "2000.??.??"]
[Source "www.chesslib.no"]
[SourceDate "2004.05.04"]

1. e4 e5 2. Bc4 Nf6 3. d3 Nc6 4. Nf3 h6 5. Nc3 d6 6. a3 g6 7. h3 Bg7 8. Be3 Ne7 9. d4 exd4 10. Qxd4 Be6 11. Bxe6 fxe6 12. O-O-O O-O 13. e5 Nfd5 14. Qg4 Nxc3 15. Qxe6+ Kh7 16. bxc3 Nf5 17. h4 Qe8 18. Qxe8 Raxe8 19. exd6 Nxe3 20. fxe3 cxd6 21. Rd3 Re4 22. Rhd1 1/2-1/2

[Event "New York"]
[Site "?"]
[Date "1994.??.??"]
[Round "?"]
[White "Edelman, D."]
[Black "Kaidanov, G."]
[Result "1-0"]
[WhiteElo "2415"]
[BlackElo "2645"]
[PlyCount "55"]
[EventDate "1994.??.??"]
[Source "ChessBase"]
[SourceDate "1994.10.01"]

1. e4 e5 2. Nf3 Nc6 3. d4 exd4 4. Bc4 Nf6 5. e5 Ne4 6. O-O d5 7. exd6 Nxd6 8. Bd5 Nf5 9. Re1+ Be7 10. Bxc6+ bxc6 11. g4 Nd6 12. Nxd4 Bd7 13. Qf3 O-O 14. Nxc6 Bxc6 15. Qxc6 Bh4 16. Bf4 f5 17. Nc3 Rb8 18. Re2 Rxb2 19. Rae1 fxg4 20. Nd5 Qb8 21. Nxc7 Rxf4 22. Qxd6 Bxf2+ 23. Kg2 Bxe1 24. Qxf4 Qb7+ 25. Kg1 Bf2+ 26. Kxf2 Qb6+ 27. Kg2 Qc6+ 28. Kg3 1-0

[Event "URS-ch sf"]
[Site "Tbilisi"]
[Date "1973.??.??"]
[Round "13"]
[White "Bronstein, David I"]
[Black "Dvoretzky, Mark"]
[Result "1/2-1/2"]
[WhiteElo "2570"]
[BlackElo "2485"]
[PlyCount "109"]
[EventDate "1973.??.??"]
[Source "ChessBase"]

1. e4 e5 2. Bc4 Nf6 3. d3 Nc6 4. Nf3 Be7 5. O-O O-O 6. Bb3 d5 7. Nbd2 Bg4 8. c3 Qd7 9. h3 Bxf3 10. Nxf3 Rad8 11. exd5 Nxd5 12. Re1 Bf6 13. Ng5 Bxg5 14. Bxg5 f6 15. Bd2 Kh8 16. Qh5 f5 17. Rad1 Nf6 18. Qg5 e4 19. Bf4 Qc8 20. dxe4 Rxd1 21. Rxd1 Nxe4 22. Qh4 Rf6 23. f3 Nd6 24. Re1 h6 25. Qh5 Kh7 26. Re2 Qf8 27. Qh4 Qc8 28. Qe1 Qf8 29. h4 g6 30. Bd5 Nf7 31. b4 Qd8 32. Bb3 b5 33. a4 a6 34. axb5 axb5 35. Rd2 Qc8 36. Qd1 g5 37. Bg3 Kg7 38. Qe2 f4 39. Bf2 Qf5 40. Bc2 Qe5 41. Qd3 Rd6 42. Qh7+ Kf8 43. Rxd6 cxd6 44. Bb3 Ncd8 45. Qd3 Ke7 46. c4 Qa1+ 47. Kh2 Ne5 48. Qh7+ Ndf7 49. hxg5 Qf1 50. Bh4 hxg5 51. Bxg5+ Kf8 52. Bh6+ Ke7 53. Bg5+ Kf8 54. Bh6+ Ke7 55. Bg5+ 1/2-1/2

[Event "5e GP du Senat"]
[Site "Paris"]
[Date "2004.09.26"]
[Round "2"]
[White "Sebag, Marie"]
[Black "Fressinet, Laurent"]
[Result "1/2-1/2"]
[WhiteElo "2414"]
[BlackElo "2637"]
[PlyCount "64"]
[EventDate "2004.09.25"]
[Source "Roberto Alvarez"]
[SourceDate "2004.10.05"]

1. e4 e5 2. Bc4 Nf6 3. d3 Nc6 4. Nf3 Be7 5. O-O O-O 6. Re1 d6 7. a4 Kh8 8. a5 a6 9. c3 Ng8 10. d4 Bg4 11. d5 Nb8 12. Be2 Nd7 13. Nbd2 f5 14. exf5 Bxf5 15. Nf1 Qe8 16. Ng3 Bg6 17. Ng5 Bxg5 18. Bxg5 Ngf6 19. b4 Qf7 20. c4 Ne4 21. Nxe4 Bxe4 22. Bh4 Qg6 23. Bg3 Nf6 24. Ra3 Bf5 25. Bd3 Nh5 26. Be2 Nf4 27. Bxf4 exf4 28. Bf3 Rae8 29. Ra1 Qf6 30. Qd2 g5 31. Bh5 Re4 32. Rxe4 Bxe4 1/2-1/2

[Event "JUG Cup"]
[Site "Ulcinj"]
[Date "1997.??.??"]
[Round "?"]
[White "Tseshkovsky, Vitaly"]
[Black "Nikcevic, Nebojsa"]
[Result "1-0"]
[WhiteElo "2510"]
[BlackElo "2540"]
[PlyCount "53"]
[EventDate "1997.??.??"]
[Source "www.chesslib.no"]
[SourceDate "2004.05.04"]

1. e4 e5 2. Bc4 Nf6 3. d3 Nc6 4. Nf3 h6 5. c3 d6 6. a4 g6 7. a5 a6 8. Nbd2 Bg7 9. Nf1 d5 10. exd5 Nxd5 11. Qb3 Nce7 12. Ne3 c6 13. h3 O-O 14. Ng4 Nf5 15. O-O f6 16. Re1 Re8 17. Ne3 Nfe7 18. Nf1 Nf5 19. Ne3 Nfe7 20. Nc2 Nf5 21. d4 e4 22. Nd2 Nd6 23. Bf1 f5 24. c4 Nf6 25. d5 cxd5 26. cxd5 Kh7 27. Nc4 1-0

[Event "Noumea m"]
[Site "Noumea NCL"]
[Date "1995.??.??"]
[Round "1"]
[White "Rogers, Ian"]
[Black "Solozhenkin, Evgeniy"]
[Result "1-0"]
[WhiteElo "2570"]
[BlackElo "2480"]
[PlyCount "69"]
[EventDate "1995.??.??"]
[Source "www.chesslib.no"]
[SourceDate "2004.05.04"]

1. e4 e5 2. Nf3 Nc6 3. d4 exd4 4. Bc4 Nf6 5. e5 d5 6. Bb5 Ne4 7. Nxd4 Bd7 8. Bxc6 bxc6 9. O-O Be7 10. f3 Nc5 11. f4 O-O 12. f5 Ne4 13. Nc3 Nxc3 14. bxc3 c5 15. Ne2 Bb5 16. Rf3 Bg5 17. Nf4 Bc4 18. Nh5 Bxc1 19. Qxc1 Qh4 20. Rh3 Qe4 21. Nf6+ gxf6 22. Qh6 Qxf5 23. Rg3+ Qg6 24. exf6 Kh8 25. Rxg6 Rg8 26. Rg7 Bd3 27. Rxf7 Bg6 28. Rxc7 Raf8 29. Rf1 Rf7 30. Rxf7 Bxf7 31. Re1 d4 32. Re7 Bg6 33. f7 dxc3 34. fxg8=Q+ Kxg8 35. Qg7# 1-0

[Event "Hamburg-chI"]
[Site "Hamburg"]
[Date "1998.06.02"]
[Round "5"]
[White "Mueller, Karsten"]
[Black "Slobodjan, Roman"]
[Result "1/2-1/2"]
[WhiteElo "2515"]
[BlackElo "2530"]
[PlyCount "63"]
[EventDate "1998.05.29"]
[Source "ChessBase"]
[SourceDate "1998.07.07"]

1. e4 e5 2. Nf3 Nc6 3. d4 exd4 4. Bc4 Nf6 5. e5 d5 6. Bb5 Ne4 7. Nxd4 Bd7 8. Bxc6 bxc6 9. O-O Bc5 10. f3 Ng5 11. Be3 O-O 12. f4 Ne4 13. Nd2 Nxd2 14. Qxd2 f6 15. Nb3 Bb6 16. Bc5 Re8 17. Rae1 Bf5 18. Bxb6 axb6 19. Nd4 Qd7 20. exf6 gxf6 21. Nxf5 Qxf5 22. a3 Kf7 23. Qc3 c5 24. Re5 fxe5 25. fxe5 Qxf1+ 26. Kxf1 Re7 27. Qf3+ Ke6 28. Qf6+ Kd7 29. Qf5+ Kc6 30. Qf6+ Kd7 31. Qf5+ Kc6 32. Qf6+ 1/2-1/2

[Event "ARM-ch 63rd"]
[Site "Yerevan"]
[Date "2003.09.22"]
[Round "7"]
[White "Petrosian, Tigran L"]
[Black "Sargissian, Gabriel"]
[Result "1/2-1/2"]
[WhiteElo "2444"]
[BlackElo "2600"]
[PlyCount "116"]
[EventDate "2003.09.16"]
[Source "ChessBase"]
[SourceDate "2003.10.22"]

1. e4 e5 2. Nf3 Nc6 3. d4 exd4 4. Bc4 Nf6 5. e5 d5 6. Bb5 Ne4 7. Nxd4 Bd7 8. Bxc6 bxc6 9. O-O Bc5 10. f3 Ng5 11. f4 Ne4 12. Be3 Bb6 13. c3 O-O 14. Nd2 f5 15. Nxe4 dxe4 16. c4 Qe7 17. Rc1 Bc5 18. Qe2 Rfd8 19. Nb3 Bxe3+ 20. Qxe3 Be8 21. Nc5 Bh5 22. h3 a5 23. Rc2 a4 24. g4 fxg4 25. Nxe4 Qd7 26. Ng3 Be8 27. e6 Qd3 28. Rc3 Qxe3+ 29. Rxe3 gxh3 30. Rf2 Rd1+ 31. Kh2 Rad8 32. Kxh3 R8d2 33. Rfe2 Rxe2 34. Rxe2 Kf8 35. Kg4 Ke7 36. f5 Rd4+ 37. Re4 Rd2 38. c5 Rxb2 39. Rxa4 g6 40. Kf4 gxf5 41. Ke5 Bg6 42. Ra7 f4 43. Rxc7+ Kd8 44. Rd7+ Ke8 45. Kxf4 Rf2+ 46. Ke3 Rf6 47. Rd6 Ke7 48. Rxc6 Rxe6+ 49. Rxe6+ Kxe6 50. Kd4 h5 51. Ne2 Be8 52. Nf4+ Kf5 53. Nxh5 Bxh5 54. c6 Ke6 55. Kc5 Ke7 56. Kb6 Kd8 57. Kb7 Bf3 58. a4 Bxc6+ 1/2-1/2

[Event "Karadjordje Serbia"]
[Site "Topola"]
[Date "2004.05.06"]
[Round "3"]
[White "Pikula, Dejan"]
[Black "Sedlak, Nikola"]
[Result "1/2-1/2"]
[WhiteElo "2523"]
[BlackElo "2519"]
[PlyCount "56"]
[EventDate "2004.05.04"]
[Source "ChessBase"]
[SourceDate "2004.07.27"]

1. e4 e5 2. Bc4 Nc6 3. Nf3 Nf6 4. d3 Be7 5. Bb3 d6 6. c3 O-O 7. O-O h6 8. Nbd2 Nh7 9. h3 Kh8 10. d4 Ng5 11. Nxg5 Bxg5 12. Nf3 Bxc1 13. Rxc1 Qf6 14. Re1 Ne7 15. Kh2 Ng6 16. g3 Qe7 17. Re3 Bd7 18. Qe2 a6 19. Re1 Rad8 20. Qd2 Bc8 21. h4 Rfe8 22. Kg1 Nf8 23. Rd3 Nd7 24. dxe5 Nxe5 25. Nxe5 dxe5 26. Rd1 Rxd3 27. Qxd3 Bg4 28. Rd2 Kg8 1/2-1/2

[Event "RUS-ch"]
[Site "Krasnodar"]
[Date "2002.08.31"]
[Round "5"]
[White "Ovetchkin, Roman"]
[Black "Skatchkov, Pavel"]
[Result "0-1"]
[WhiteElo "2557"]
[BlackElo "2485"]
[PlyCount "130"]
[EventDate "2002.08.27"]
[Source "ChessBase"]
[SourceDate "2002.11.12"]

1. e4 e5 2. Bc4 Nf6 3. d3 Nc6 4. Nf3 h6 5. O-O d6 6. c3 g6 7. d4 Qe7 8. dxe5 Nxe5 9. Nxe5 dxe5 10. Be3 Nxe4 11. Qa4+ Bd7 12. Bxf7+ Qxf7 13. Qxe4 O-O-O 14. Qxe5 Bd6 15. Qd4 Bc6 16. Qg4+ Kb8 17. Nd2 h5 18. Qc4 Qf5 19. Rfe1 g5 20. Nf1 h4 21. h3 g4 22. hxg4 Qh7 23. Nh2 Rhg8 24. Bf4 Bxf4 25. Qxf4 h3 26. g3 a6 27. Rad1 Rc8 28. Rf1 Rge8 29. Qf5 Qg8 30. b3 Rf8 31. Qc5 Rfe8 32. Qd4 Qg6 33. Qd2 b6 34. f3 Kb7 35. Kf2 Re6 36. Qd3 Qf7 37. Rde1 Rd6 38. Qe3 Qd5 39. g5 Rg6 40. c4 Qa5 41. a4 Rd6 42. g4 Rdd8 43. Re2 Re8 44. Qd4 Rxe2+ 45. Kxe2 Qxg5 46. f4 Qe7+ 47. Qe3 Qa3 48. Kf2 Qb2+ 49. Qe2 Qxb3 50. f5 Qxa4 51. Kg3 Qb3+ 52. Kh4 Qc3 53. g5 a5 54. f6 a4 55. f7 Qh8+ 56. Kg3 a3 57. Qf2 Qc3+ 58. Nf3 a2 59. f8=Q a1=Q 60. g6 Qf6 61. Qxf6 Qxf6 62. Nh4 Qxf2+ 63. Kxf2 h2 64. g7 h1=Q 65. g8=Q Qxh4+ 0-1

[Event "Corr"]
[Site "?"]
[Date "1998.??.??"]
[Round "?"]
[White "Mayr Klaus"]
[Black "Busemann Stephan"]
[Result "0-1"]
[WhiteElo "2451"]
[BlackElo "2591"]
[PlyCount "74"]
[EventDate "1998.??.??"]
[Source "www.chesslib.no"]
[SourceDate "2004.05.04"]

1. e4 e5 2. Nf3 Nc6 3. d4 exd4 4. Bc4 Nf6 5. e5 Ng4 6. Qe2 Qe7 7. Bf4 d6 8. exd6 cxd6 9. Nbd2 Bf5 10. Nb3 Qxe2+ 11. Kxe2 Nge5 12. Bb5 Nxf3 13. Kxf3 O-O-O 14. Bxc6 bxc6 15. Nxd4 Bd7 16. Rhe1 c5 17. Nb3 Rg8 18. h4 h6 19. Na5 g5 20. hxg5 hxg5 21. Bd2 d5 22. Ke2 Bd6 23. c4 d4 24. a3 Rh8 25. Kd1 Rh2 26. Rg1 Re8 27. Bxg5 Rg8 28. Bd2 Rgxg2 29. Rxg2 Rxg2 30. Be1 Bg4+ 31. Kc2 Bg3 32. Kb3 Bxf2 33. Bxf2 Rxf2 34. Nc6 Kb7 35. Rg1 Bf5 36. Ne5 Bc2+ 37. Ka2 d3 0-1

[Event "otb"]
[Site "otb"]
[Date "2007.05.13"]
[Round "7"]
[White "Szabo Gergely Andras Gyula"]
[Black "Malaniuk Vladimir P"]
[Result "1/2-1/2"]
[WhiteElo "2512"]
[BlackElo "2529"]
[PlyCount "26"]
[Source "www.chesslib.no"]
[SourceDate "2004.05.04"]

1. e4 e5 2. Nf3 Nc6 3. d4 exd4 4. Bc4 Nf6 5. e5 Ng4 6. Qe2 Qe7 7. Bf4 f6 8. exf6 gxf6 9. Nbd2 d6 10. Nb3 Qxe2+ 11. Bxe2 Bd7 12. Nbxd4 Nxd4 13. Nxd4 O-O-O 1/2-1/2

[Event "Klaipeda URS-FL56"]
[Site "?"]
[Date "1988.??.??"]
[Round "?"]
[White "Dolmatov, S."]
[Black "Rosentalis, E."]
[Result "1/2-1/2"]
[WhiteElo "2550"]
[BlackElo "2490"]
[PlyCount "172"]
[EventDate "1988.??.??"]
[Source "www.chesslib.no"]
[SourceDate "2004.05.04"]

1. e4 e5 2. Bc4 Nf6 3. d3 Nc6 4. Nf3 Be7 5. O-O O-O 6. c3 d5 7. exd5 Nxd5 8. Re1 Bg4 9. h3 Bh5 10. Nbd2 Nf4 11. Nf1 Na5 12. Bb5 c6 13. Bxf4 exf4 14. Ba4 b5 15. Bc2 c5 16. N1d2 Qc7 17. Qe2 Nc6 18. d4 cxd4 19. Qxb5 Bxf3 20. Nxf3 Rab8 21. Rxe7 Nxe7 22. Bxh7+ Kh8 23. Qh5 g6 24. Bxg6+ Kg7 25. Bd3 dxc3 26. Ne5 f5 27. Qg5+ Kh7 28. Qh5+ Kg7 29. Qg5+ Kh7 30. Re1 Rb7 31. Qh5+ Kg7 32. Qg5+ Kh7 33. bxc3 Qxc3 34. Qh5+ Kg7 35. Qg5+ Kh7 36. Nf3 Qf6 37. Qh5+ Kg7 38. Ng5 Rh8 39. Qf3 Rb4 40. Ne6+ Kf7 41. a3 Rb6 42. Nxf4 Rc8 43. Nd5 Nxd5 44. Qxd5+ Kg6 45. Re5 Rc1+ 46. Kh2 Kg7 47. Qd7+ Kh6 48. f4 Rd6 49. Qe8 Rd8 50. Qb5 Qb6 51. Qxb6+ axb6 52. Bxf5 Rd4 53. Kg3 Rcc4 54. Re6+ Kg7 55. Rg6+ Kf8 56. Rf6+ Kg7 57. Rg6+ Kf8 58. Rxb6 Rxf4 59. Bd3 Rcd4 60. Rb2 Kg7 61. Bb5 Rfe4 62. Ra2 Re3+ 63. Kf2 Rb3 64. a4 Rdb4 65. Be2 Rb2 66. Rxb2 Rxb2 67. a5 Ra2 68. a6 Ra3 69. h4 Kg6 70. g4 Ra4 71. Ke3 Kh6 72. Kf3 Kg7 73. Bb5 Ra5 74. Bc4 Ra4 75. Bd3 Ra3 76. Ke3 Ra4 77. g5 Rxh4 78. Be4 Rh3+ 79. Bf3 Kg6 80. a7 Rh8 81. Kf4 Rh4+ 82. Bg4 Rh8 83. Bf5+ Kh5 84. g6 Ra8 85. g7 Kh6 86. Be4 Rd8 1/2-1/2

[Event "Novi Sad ol (Men)"]
[Site "Novi Sad YUG"]
[Date "1990.??.??"]
[Round "14"]
[White "Barua, Dibyendu"]
[Black "Smejkal, Jan"]
[Result "1/2-1/2"]
[WhiteElo "2490"]
[BlackElo "2545"]
[PlyCount "87"]
[EventDate "1990.11.??"]
[Source "www.chesslib.no"]
[SourceDate "2004.05.04"]

1. e4 e5 2. Nf3 Nc6 3. Bc4 Nf6 4. Qe2 Be7 5. c3 O-O 6. O-O d6 7. d3 Na5 8. Nbd2 Nxc4 9. Nxc4 Re8 10. h3 Be6 11. Ng5 Bxc4 12. dxc4 Qd7 13. Bd2 h6 14. Nf3 Nh7 15. Rad1 Qe6 16. Qd3 Rf8 17. Rfe1 Rae8 18. b3 b6 19. Re2 Bg5 20. Nxg5 Nxg5 21. Bxg5 hxg5 22. Qg3 Qf6 23. Qg4 Re6 24. g3 g6 25. Re3 Kg7 26. Kg2 Rh8 27. b4 Ree8 28. Rf3 Qe6 29. c5 Qxg4 30. hxg4 bxc5 31. bxc5 Re6 32. Rb1 dxc5 33. Rb7 Rc6 34. Rd3 a6 35. Rd5 Kf6 36. c4 Ke6 37. a4 Rc8 38. a5 Rh8 39. Rb1 Kf6 40. Kf3 Ke6 41. Ke3 Kf6 42. Rdd1 Ke6 43. Rb7 Ke7 44. Ke2 1/2-1/2